Mitra: Annual Seminar 2026: multi-domain, integrated, technologically empowered, resilient armed forces (Record no. 533344)

000 -LEADER
fixed length control field 00376nam a22000977a 4500
082 ## - DEWEY DECIMAL CLASSIFICATION NUMBER
Classification number N1x54 C683
245 ## - TITLE STATEMENT
Title Mitra: Annual Seminar 2026: multi-domain, integrated, technologically empowered, resilient armed forces
Statement of responsibility, etc by College of Defence Management
260 ## - PUBLICATION, DISTRIBUTION, ETC. (IMPRINT)
Place of publication, distribution, etc Secunderabad
Name of publisher, distributor, etc College of Defence Management
Date of publication, distribution, etc 2026
300 ## - PHYSICAL DESCRIPTION
Extent 159p.
650 ## - SUBJECT ADDED ENTRY--TOPICAL TERM
Topical term or geographic name as entry element Defence, National - India
9 (RLIN) 60587
Holdings
Withdrawn status Lost status Source of classification or shelving scheme Damaged status Koha normalized classification for sorting Not for loan Permanent location Current location Shelving location Date acquired Full call number Barcode Date last seen Price effective from Koha item type
        N_1X54_C683   Indian Institute of Public Administration Indian Institute of Public Administration On Display 2026-05-18 N1x54 C683 Gr25713 2026-05-18 2026-05-18 GR

Powered by Koha